| 000 | 00677 a2200181 4500 | ||
|---|---|---|---|
| 003 | Nust | ||
| 005 | 20170207153519.0 | ||
| 040 | _cNust | ||
| 082 | _a621.382 | ||
| 100 | _aSiddiqi, Maj Muhammad Haroon (MSEE-14) | ||
| 245 |
_aLocalization and tracking of a mobile node using WiFi _cMaj Muhammad Haroon Siddiqi |
||
| 260 |
_bMCS, NUST _c2010 _aRawalpindi |
||
| 300 | _a142, p.; | ||
| 505 | _aIntroduction (page-1) Basic operation of localization (page-15) Literature survey (page-28) Wi-Fi localization (page-39) System architecture and experimental setup (page-58)Simulation and results (page-98) | ||
| 538 | _aAlmirah No 69 Shelf No 2 | ||
| 650 | _aMS Thesis | ||
| 651 | _aMSEE-14 | ||
| 942 | _cTHS | ||
| 999 |
_c187610 _d187610 |
||